| 000 -LEADER | |
|---|---|
| fixed length control field | 00458nam a22001817a 4500 |
| 005 - DATE AND TIME OF LATEST TRANSACTION | |
| control field | 20180726125919.0 |
| 008 - FIXED-LENGTH DATA ELEMENTS--GENERAL INFORMATION | |
| fixed length control field | 160514b xxu||||| |||| 00| 0 eng d |
| 020 ## - INTERNATIONAL STANDARD BOOK NUMBER | |
| ISBN | 9788125916093 |
| 041 ## - LANGUAGE CODE | |
| Language code of text/sound track or separate title | eng |
| 082 ## - DEWEY DECIMAL CLASSIFICATION NUMBER | |
| Item number | 2360 |
| Classification number | 658.3 |
| 100 ## - MAIN ENTRY--AUTHOR NAME | |
| Personal name | CHANDAN, D.B.AND JIT.S |
| 245 ## - TITLE STATEMENT | |
| Title | Organizational Behavior |
| 250 ## - EDITION STATEMENT | |
| Edition statement | 3rd ed |
| 260 ## - PUBLICATION, DISTRIBUTION, ETC. (IMPRINT) | |
| Place of publication | New Delhi |
| Name of publisher | Vikas Publishing House (P) Ltd. |
| Year of publication | 2009 |
| 300 ## - PHYSICAL DESCRIPTION | |
| Number of Pages | 432p, |
| 650 ## - SUBJECT ADDED ENTRY--TOPICAL TERM | |
| Topical Term | Management |
| 942 ## - ADDED ENTRY ELEMENTS (KOHA) | |
| Koha item type | Books |
| Lost status | Damaged status | Collection code | Home library | Current library | Shelving location | Date acquired | Cost, normal purchase price | Full call number | Accession Number | Koha item type |
|---|---|---|---|---|---|---|---|---|---|---|
| MANAGEMENT | JRU Library | JRU Library | Shelf - 27- C | 14/05/2016 | 280.00 | 658.3 | 2360 | Books | ||
| MANAGEMENT | JRU Library | JRU Library | SHELF-64-B | 14/05/2016 | 280.00 | 658.3 | 2361 | Books | ||
| MANAGEMENT | JRU Library | JRU Library | SHELF-64-B | 14/05/2016 | 280.00 | 658.3 | 2362 | Books | ||
| MANAGEMENT | JRU Library | JRU Library | SHELF-64-B | 14/05/2016 | 280.00 | 658.3 | 2363 | Books | ||
| MANAGEMENT | JRU Library | JRU Library | SHELF-64-C | 14/05/2016 | 280.00 | 658.3 | 2364 | Books | ||
| MANAGEMENT | JRU Library | JRU Library | SHELF-64-B | 14/05/2016 | 280.00 | 658.3 | 2365 | Books | ||
| MANAGEMENT | JRU Library | JRU Library | SHELF-64-B | 14/05/2016 | 280.00 | 658.3 | 2366 | Books | ||
| Reference | JRU Library | SHELF-29-J | 14/05/2016 | 280.00 | 658.3 | 2367 | Books | |||
| MANAGEMENT | JRU Library | JRU Library | SHELF-64-B | 14/05/2016 | 280.00 | 658.3 | 2368 | Books |